<?xml version="1.0" encoding="UTF-8"?>
<record
    xmlns:xsi="http://www.w3.org/2001/XMLSchema-instance"
    xsi:schemaLocation="http://www.loc.gov/MARC21/slim http://www.loc.gov/standards/marcxml/schema/MARC21slim.xsd"
    xmlns="http://www.loc.gov/MARC21/slim">

  <leader>01296cam a22002775a 4500</leader>
  <controlfield tag="003">OSt</controlfield>
  <controlfield tag="005">20201124141924.0</controlfield>
  <controlfield tag="008">100704s1967    ua     frb   00010  ara d</controlfield>
  <datafield tag="040" ind1=" " ind2=" ">
    <subfield code="a">EG-ScBUE </subfield>
    <subfield code="b">ara</subfield>
    <subfield code="d">EG-ScBUE </subfield>
  </datafield>
  <datafield tag="082" ind1="0" ind2="4">
    <subfield code="a">190</subfield>
    <subfield code="b">&#x631; &#x633; &#x644;</subfield>
    <subfield code="2">22</subfield>
  </datafield>
  <datafield tag="245" ind1="1" ind2="0">
    <subfield code="a">&#x62A;&#x627;&#x631;&#x64A;&#x62E; &#x627;&#x644;&#x641;&#x644;&#x633;&#x641;&#x629; &#x627;&#x644;&#x63A;&#x631;&#x628;&#x64A;&#x629; /</subfield>
    <subfield code="c">&#x62A;&#x623;&#x644;&#x64A;&#x641; &#x628;&#x631;&#x62A;&#x631;&#x627;&#x646;&#x62F; &#x631;&#x633;&#x644;&#x61B; &#x62A;&#x631;&#x62C;&#x645;&#x629; &#x632;&#x643;&#x649; &#x646;&#x62C;&#x64A;&#x628; &#x645;&#x62D;&#x645;&#x648;&#x62F;&#x61B; &#x631;&#x627;&#x62C;&#x639;&#x647; &#x623;&#x62D;&#x645;&#x62F; &#x623;&#x645;&#x64A;&#x646;</subfield>
  </datafield>
  <datafield tag="250" ind1=" " ind2=" ">
    <subfield code="a">&#x637; 2.</subfield>
  </datafield>
  <datafield tag="260" ind1=" " ind2=" ">
    <subfield code="a">&#x627;&#x644;&#x642;&#x627;&#x647;&#x631;&#x629;:</subfield>
    <subfield code="b">&#x645;&#x637;&#x628;&#x639;&#x629; &#x644;&#x62C;&#x646;&#x629; &#x627;&#x644;&#x62A;&#x623;&#x644;&#x64A;&#x641; &#x648;&#x627;&#x644;&#x62A;&#x631;&#x62C;&#x645;&#x629; &#x648;&#x627;&#x644;&#x646;&#x634;&#x631;&#x60C;</subfield>
    <subfield code="c">1967.</subfield>
  </datafield>
  <datafield tag="300" ind1=" " ind2=" ">
    <subfield code="a">3 &#x645;&#x62C; &#x61B;</subfield>
    <subfield code="c">25 &#x633;&#x645;.</subfield>
  </datafield>
  <datafield tag="504" ind1=" " ind2=" ">
    <subfield code="a">&#x64A;&#x634;&#x62A;&#x645;&#x644; &#x639;&#x644;&#x649; &#x627;&#x631;&#x62C;&#x627;&#x639;&#x627;&#x62A; &#x628;&#x628;&#x644;&#x64A;&#x648;&#x62C;&#x631;&#x627;&#x641;&#x64A;&#x629;.</subfield>
  </datafield>
  <datafield tag="505" ind1=" " ind2=" ">
    <subfield code="a">  &#x627;&#x644;&#x645;&#x62D;&#x62A;&#x648;&#x64A;&#x627;&#x62A;: &#x627;&#x644;&#x643;&#x62A;&#x627;&#x628; &#x627;&#x644;&#x623;&#x648;&#x644;. &#x627;&#x644;&#x641;&#x644;&#x633;&#x641;&#x629; &#x627;&#x644;&#x642;&#x62F;&#x64A;&#x645;&#x629;  -- &#x627;&#x644;&#x643;&#x62A;&#x627;&#x628; &#x627;&#x644;&#x62B;&#x627;&#x646;&#x64A;. &#x627;&#x644;&#x641;&#x644;&#x633;&#x641;&#x629; &#x627;&#x644;&#x643;&#x627;&#x62B;&#x648;&#x644;&#x64A;&#x643;&#x64A;&#x629; -- &#x627;&#x644;&#x643;&#x62A;&#x627;&#x628; &#x627;&#x644;&#x62B;&#x627;&#x644;&#x62B;. &#x627;&#x644;&#x641;&#x644;&#x633;&#x641;&#x629; &#x627;&#x644;&#x62D;&#x62F;&#x64A;&#x62B;&#x629;.</subfield>
  </datafield>
  <datafield tag="541" ind1=" " ind2=" ">
    <subfield code="a">&#x623;&#x644;&#x641; &#x628;&#x627;&#x621; &#x61B;</subfield>
    <subfield code="c">&#x634;&#x631;&#x627;&#x621; &#x61B;</subfield>
  </datafield>
  <datafield tag="590" ind1=" " ind2=" ">
    <subfield code="a">reham yahia 
doaa mohamed</subfield>
  </datafield>
  <datafield tag="650" ind1=" " ind2=" ">
    <subfield code="9">15104</subfield>
    <subfield code="a">&#x627;&#x644;&#x641;&#x644;&#x633;&#x641;&#x629; &#x627;&#x644;&#x63A;&#x631;&#x628;&#x64A;&#x629;</subfield>
    <subfield code="2">BUEsh</subfield>
  </datafield>
  <datafield tag="650" ind1=" " ind2=" ">
    <subfield code="9">15855</subfield>
    <subfield code="a">&#x627;&#x644;&#x641;&#x644;&#x633;&#x641;&#x629; &#x627;&#x644;&#x63A;&#x631;&#x628;&#x64A;&#x629; &#x627;&#x644;&#x642;&#x62F;&#x64A;&#x645;&#x629;</subfield>
    <subfield code="2">BUEsh</subfield>
  </datafield>
  <datafield tag="651" ind1=" " ind2=" ">
    <subfield code="2">BUEsh</subfield>
  </datafield>
  <datafield tag="653" ind1=" " ind2=" ">
    <subfield code="b">ARALIT</subfield>
    <subfield code="c">August2015</subfield>
  </datafield>
  <datafield tag="700" ind1=" " ind2=" ">
    <subfield code="a">&#x645;&#x62D;&#x645;&#x648;&#x62F; , &#x632;&#x643;&#x649; &#x646;&#x62C;&#x64A;&#x628;.</subfield>
    <subfield code="9">8634</subfield>
    <subfield code="e">&#x645;&#x62A;&#x631;&#x62C;&#x645;</subfield>
  </datafield>
  <datafield tag="700" ind1=" " ind2=" ">
    <subfield code="a">&#x623;&#x645;&#x64A;&#x646;, &#x623;&#x62D;&#x645;&#x62F;.</subfield>
    <subfield code="9">8691</subfield>
    <subfield code="e">&#x645;&#x631;&#x627;&#x62C;&#x639;</subfield>
  </datafield>
  <datafield tag="942" ind1=" " ind2=" ">
    <subfield code="2">ddc</subfield>
    <subfield code="c">BB</subfield>
    <subfield code="k">190 &#x631; &#x633; &#x644;</subfield>
  </datafield>
  <datafield tag="999" ind1=" " ind2=" ">
    <subfield code="c">14371</subfield>
    <subfield code="d">14371</subfield>
  </datafield>
  <datafield tag="952" ind1=" " ind2=" ">
    <subfield code="0">0</subfield>
    <subfield code="1">0</subfield>
    <subfield code="2">ddc</subfield>
    <subfield code="4">0</subfield>
    <subfield code="7">0</subfield>
    <subfield code="8">Alef-Baa</subfield>
    <subfield code="a">MAIN</subfield>
    <subfield code="b">MAIN</subfield>
    <subfield code="c">LOW</subfield>
    <subfield code="d">2010-07-04</subfield>
    <subfield code="e">purchase</subfield>
    <subfield code="o">190 &#x631; &#x633; &#x644;</subfield>
    <subfield code="p">000021303</subfield>
    <subfield code="r">2025-07-15 00:00:00</subfield>
    <subfield code="s">2013-12-10</subfield>
    <subfield code="y">BB</subfield>
  </datafield>
  <datafield tag="952" ind1=" " ind2=" ">
    <subfield code="0">0</subfield>
    <subfield code="1">0</subfield>
    <subfield code="2">ddc</subfield>
    <subfield code="4">0</subfield>
    <subfield code="7">0</subfield>
    <subfield code="8">Alef-Baa</subfield>
    <subfield code="a">MAIN</subfield>
    <subfield code="b">MAIN</subfield>
    <subfield code="c">LOW</subfield>
    <subfield code="d">2010-07-07</subfield>
    <subfield code="e">purchase</subfield>
    <subfield code="o">190 &#x631; &#x633; &#x644;</subfield>
    <subfield code="p">000025041</subfield>
    <subfield code="r">2025-07-15 00:00:00</subfield>
    <subfield code="y">BB</subfield>
  </datafield>
  <datafield tag="952" ind1=" " ind2=" ">
    <subfield code="0">0</subfield>
    <subfield code="1">0</subfield>
    <subfield code="2">ddc</subfield>
    <subfield code="4">0</subfield>
    <subfield code="7">0</subfield>
    <subfield code="a">MAIN</subfield>
    <subfield code="b">MAIN</subfield>
    <subfield code="c">LOW</subfield>
    <subfield code="d">2015-08-24</subfield>
    <subfield code="e">Purchase</subfield>
    <subfield code="o">190 &#x631; &#x633; &#x644;</subfield>
    <subfield code="p">000021597</subfield>
    <subfield code="r">2025-07-15 00:00:00</subfield>
    <subfield code="y">BB</subfield>
  </datafield>
</record>
